000 00404nam a2200181Ia 4500
005 20250425162008.0
008 250425s9999 xx 000 0 und d
041 _aeng
082 _a532
100 _aSHAMES, IRVING H.
245 0 _aMECHANIC OF FLUIDS
250 _a1A ED.
260 _aEstados Unidos
_bMC GRAW HILL
_c1962
260 _aS.L.
300 _a555
942 _c01
010 _a39231
999 _c220307
_d220307